MARC

LEADER 00000nab a2200000 4500
001 vtls012079930
003 SK-MaSNL
005 20260318115256.0
008 211206c2020 xo er|n || ||00 c0ukr
015 |a SNBRB2021/12 
038 |a SVKPOCL 
040 |a SVKPOCL  |b slo  |c SVKPOCL  |e rda 
041 0 |a ukr 
043 |a e-xo---  |a e-un--- 
044 |a xo  |c SK 
072 7 |a 821.161.09  |x Východoslovanské literatúry (o nich)  |2 konspekt 
072 7 |a 81  |x Lingvistika. Jazyky  |2 konspekt 
080 |a 81:37.091.32  |2 2011 
080 |a 37.091.32  |2 2011 
080 |a 80(=161.25)(091)  |2 2011 
080 |a 808.1  |2 2011 
080 |a (437.6)  |2 2011 
100 1 |a -juš-  |4 aut  |9 1605141 
245 1 0 |a Na konferenciji UžNU i referatŷ z rusyn'skov problematikov  |c [autor] -juš-, [autor] -pem- 
300 |b Fotografie 
336 |a text  |b txt  |2 rdacontent 
337 |a bez média  |b n  |2 rdamedia 
338 |a zväzok  |b nc  |2 rdacarrier 
500 |a Odkrytie akronymu je s autorovým súhlasom 
500 |a V rubrike Karpat'ska Rus' 
600 1 7 |a Prodan, Jurij Jurijovyč  |2 svkpocl  |9 1348437 
600 1 7 |a Šypovyč, Jurij Jurijovyč,  |d 1971-  |2 svkpocl  |9 1348438 
610 2 7 |a Prešovská univerzita v Prešove  |2 SNKKA  |9 177485 
610 2 7 |a Užhorods'kyj naciona'nyj universytet (Užhorod, Ukrajina)  |2 svkpocl  |9 1605142 
611 2 7 |a Format rozvytku vidnosyn Ukrajiny i krajin seredn'oji Jevropy  |d (2020 :  |c Užhorod, Ukrajina)  |2 svkpocl  |9 1605143 
648 7 |a 1998-2018  |2 svkpocl  |9 617919 
650 0 7 |a filológia  |2 SNKPH  |9 861 
650 0 7 |a Rusíni  |2 SNKPH  |9 4087 
650 0 7 |a rusinistika  |2 SNKPH  |9 90871 
650 0 7 |a vedecké konferencie  |2 svkpocl  |9 284741 
650 0 7 |a lingvistika  |2 SNKPH  |9 860 
651 7 |a Ukrajina  |2 SNKPHgeo  |9 168045 
651 7 |a Užhorod (Ukrajina)  |2 SNKPH  |9 26707 
651 7 |a Slovensko  |2 SNKPHgeo  |9 14231 
651 7 |a Prešov (Slovensko)  |2 SNKPHgeo  |9 17347 
700 1 |a Medviď, Peter,  |d 1981-  |4 aut  |9 268505 
773 0 |t NN info Rusyn  |g Roč. XVII (29), č. 18 (2020), s. 6  |x 2454-0013 
852 |a SVKPO  |b KIS3GCP 
958 |a RN 
958 |a SS 
958 |a LX 
958 |a SK 
958 |a NM 
999 |c 3305140  |d 3307070